Dead Man Calling (Record no. 350722)

000 -LEADER
fixed length control field 00664cam a2200241u 4500
001 - CONTROL NUMBER
control field 9843692
003 - CONTROL NUMBER IDENTIFIER
control field OSt
005 - DATE AND TIME OF LATEST TRANSACTION
control field 20180116183024.0
008 - FIXED-LENGTH DATA ELEMENTS--GENERAL INFORMATION
fixed length control field 820428s1962 nyu 000 0 eng
010 ## - LIBRARY OF CONGRESS CONTROL NUMBER
LC control number 62010333
040 ## - CATALOGING SOURCE
Original cataloging agency DLC
Transcribing agency CarP
Modifying agency DLC
050 00 - LIBRARY OF CONGRESS CALL NUMBER
Classification number PZ3.W986
Item number Dc
Classification number PR6073.Y65
082 ## - DEWEY DECIMAL CLASSIFICATION NUMBER
Classification number 813.54 BLA 1962
100 1# - MAIN ENTRY--PERSONAL NAME
Personal name Gavin Black
Dates associated with a name 1913-
245 10 - TITLE STATEMENT
Title Dead Man Calling
Statement of responsibility, etc. Gavin Black
260 ## - PUBLICATION, DISTRIBUTION, ETC.
Place of publication, distribution, etc. New York,
Name of publisher, distributor, etc. Random House
Date of publication, distribution, etc. [1962]
300 ## - PHYSICAL DESCRIPTION
Extent 186 p.
Dimensions 21 cm.
440 ## - SERIES STATEMENT/ADDED ENTRY--TITLE
Title Dead Man Calling
600 ## - SUBJECT ADDED ENTRY--PERSONAL NAME
Personal name Gavin Black
655 #7 - INDEX TERM--GENRE/FORM
Genre/form data or focus term Detective and mystery stories.
Source of term gsafd
906 ## - LOCAL DATA ELEMENT F, LDF (RLIN)
a 0
b cbc
c premunv
d u
e ncip
f 19
g y-gencatlg
942 ## - ADDED ENTRY ELEMENTS (KOHA)
Source of classification or shelving scheme
Koha item type Book
Holdings
Withdrawn status Lost status Source of classification or shelving scheme Damaged status Not for loan Collection code Permanent Location Current Location Shelving location Date acquired Total Checkouts Full call number Barcode Date last seen Price effective from Koha item type
            Central Library (CL) Central Library (CL) Fiction 12/02/2015   813.54 BLA 1962 NBSD-2277 12/02/2015 12/02/2015 Book
© 2023 Central Library, National University of Sciences and Technology. All Rights Reserved.